000 01637nam a2200145Ia 4500
008 220216s9999 xx 000 0 und d
100 _aYusof Faridah
245 0 _aPurification and characterisation of an inhibitor of rubber biosynthesis from C-serum of Hevea brasiliensis latex
260 _bJournal of Rubber Research
_c1998
300 _a95-110
520 _aA preeinaceous inhibitor of rubber biosynthesis was purified from the C-serum of Hevea brasiliensis latex. The protein inhibited the incorporation of isopentenyl diphosphate into rubber. Purification was achieved by employing three column chromatography meethods Sephadex G-150 gel-filtration, DEAE-Cellulose ion exchangd gchromatography and Phenyl Sepharose CL-4B hydrophobic interaction chromatography. The inhibitor makes up 0.3;ofthe total protein in the C-serum solids and was shown to have a molecular weight of 43 700 Da by mass spectrometry. The protein was blocked at the N-terminal. Amino acid sequence of petpide fragments obtained from CNBr, endoproteinase Lysine-C and trypsin digestions shwoed this protein to have regions of sequence similar to patatin, a protein that constitutes approximately 40;of the total protein present in mature potato tubers (Solanum tuberosum). Investigations showed that, like patatin, the inhibitor has liplytic acyl hydrolase (LAH) activity. Based on these observations, it is thought that the inhibitory effect is due to the destruction by LAH of the integrity of the rubber particle membrane in which the biosynthetic enzymes are thought to be embedded.
700 _aWalker John M
700 _aWard Malcolm A
942 _cJS
999 _c66105
_d66105